000 00530nam a2200217Ia 4500
003 OSt
005 20220928140214.0
006 a|||||r|||| 00| 0
007 ta
008 220927b |||||||| |||| 00| 0 eng d
024 _a7613
037 _cTextual
040 _aSDCL
_cSDCL
_beng
041 _2eng
_aeng
082 _aX:75, L8
100 _aBhatt V V
245 0 _aSome aspects of development strategy and policies
260 _c1978
942 _hX:75, L8
_cTEXL
_2CC
999 _c810658
_d810658